<?xml version='1.0' encoding='UTF-8'?>
  <record xmlns="http://www.loc.gov/MARC21/slim">
    <leader>00000cam a2200000 i 4500</leader>
    <controlfield tag="001">ocm29448994</controlfield>
    <controlfield tag="003">OCoLC</controlfield>
    <controlfield tag="005">20240202180208.2</controlfield>
    <controlfield tag="008">931208s1639    ne a          000 0 dut  </controlfield>
    <datafield tag="010" ind1=" " ind2=" ">
      <subfield code="a">   29011863 </subfield>
    </datafield>
    <datafield tag="040" ind1=" " ind2=" ">
      <subfield code="a">DLC</subfield>
      <subfield code="b">eng</subfield>
      <subfield code="c">NDD</subfield>
      <subfield code="d">OCLCG</subfield>
      <subfield code="d">UPM</subfield>
      <subfield code="d">JPG</subfield>
      <subfield code="d">OCLCO</subfield>
      <subfield code="d">OCLCF</subfield>
      <subfield code="d">OCLCQ</subfield>
      <subfield code="d">IOG</subfield>
      <subfield code="d">QGJ</subfield>
      <subfield code="d">OCLCO</subfield>
      <subfield code="d">OCLCQ</subfield>
      <subfield code="d">OCLCL</subfield>
    </datafield>
    <datafield tag="026" ind1=" " ind2=" ">
      <subfield code="e">163904 - 1a1 *3 heb : 1a2 2* isb - 1b1 A $ : 1b2 2L3 e $min - *2b1 B $ : 2b2 V3 ra - 2a1 * e : 2a2 *2 len - 3b1 3A2 as$niet : 3b2 3O3 voor $tro</subfield>
      <subfield code="2">stcnf</subfield>
    </datafield>
    <datafield tag="026" ind1=" " ind2=" ">
      <subfield code="e">163904 - 1a1 *3 heb : 1a2 2* isb - 1b1 A $ : 1b2 2L3 e$min - *2b1 B $ : 2b2 V3 ra - 2a1 * e : 2a2 *2 n $st - 3b1 3A2 as $niet : 3b2 3O3 voor $tro</subfield>
      <subfield code="2">stcnf</subfield>
    </datafield>
    <datafield tag="029" ind1="1" ind2=" ">
      <subfield code="a">NLGGC</subfield>
      <subfield code="b">144872552</subfield>
    </datafield>
    <datafield tag="035" ind1=" " ind2=" ">
      <subfield code="a">(OCoLC)29448994</subfield>
    </datafield>
    <datafield tag="050" ind1="0" ind2="4">
      <subfield code="a">M1490</subfield>
      <subfield code="b">.K8 (case)</subfield>
    </datafield>
    <datafield tag="100" ind1="1" ind2=" ">
      <subfield code="a">Krul, Jan Hermansz,</subfield>
      <subfield code="d">1602-1646.</subfield>
      <subfield code="1">https://id.oclc.org/worldcat/entity/E39PBJdWRh7d3K7FWjgwPQRtKd</subfield>
    </datafield>
    <datafield tag="245" ind1="1" ind2="0">
      <subfield code="a">Ian Harmensz Kruls Minne-spiegel ter deughden.</subfield>
    </datafield>
    <datafield tag="246" ind1="3" ind2=" ">
      <subfield code="a">Jan Harmensz Kruls Minne-spiegel ter deughden</subfield>
    </datafield>
    <datafield tag="246" ind1="3" ind2=" ">
      <subfield code="a">Minne-spiegel ter deughden</subfield>
    </datafield>
    <datafield tag="260" ind1=" " ind2=" ">
      <subfield code="a">T'Amsterdam :</subfield>
      <subfield code="b">Voor C. Dankertsz van Zeevenhoven,</subfield>
      <subfield code="c">1639.</subfield>
    </datafield>
    <datafield tag="300" ind1=" " ind2=" ">
      <subfield code="a">6 preliminary leaves, 271, [73]-232 pages ; 3 preliminary leaves, 3 -109 (i. e. 111) pages :</subfield>
      <subfield code="b">illustrations ;</subfield>
      <subfield code="c">23 x 18 cm (4to)</subfield>
    </datafield>
    <datafield tag="336" ind1=" " ind2=" ">
      <subfield code="a">text</subfield>
      <subfield code="b">txt</subfield>
      <subfield code="2">rdacontent</subfield>
    </datafield>
    <datafield tag="337" ind1=" " ind2=" ">
      <subfield code="a">unmediated</subfield>
      <subfield code="b">n</subfield>
      <subfield code="2">rdamedia</subfield>
    </datafield>
    <datafield tag="338" ind1=" " ind2=" ">
      <subfield code="a">volume</subfield>
      <subfield code="b">nc</subfield>
      <subfield code="2">rdacarrier</subfield>
    </datafield>
    <datafield tag="340" ind1=" " ind2=" ">
      <subfield code="m">4to</subfield>
      <subfield code="2">rdabf</subfield>
    </datafield>
    <datafield tag="500" ind1=" " ind2=" ">
      <subfield code="a">Signatures: *⁴, **², A-Z⁴, Aa-Ll⁴, A-V⁴; 1 leaf unsigned, *², Ann₂-[Ana₄], Bbb-Ooo⁴.</subfield>
    </datafield>
    <datafield tag="500" ind1=" " ind2=" ">
      <subfield code="a">Added title page engraved.</subfield>
    </datafield>
    <datafield tag="500" ind1=" " ind2=" ">
      <subfield code="a">Part 2 has title: Wegh-weyser ter devghden. Tweede deel.</subfield>
    </datafield>
    <datafield tag="500" ind1=" " ind2=" ">
      <subfield code="a">A collection of poetical pieces, including "Alcip, en Amarillis. Bly-eynd-spel" (p. [201]-271): "Faustina; bly-eindt-spel" (p. [73]-147, 2d page group); Celion en Bellinde, pastorl, bly-eyndt-spel. Ghetrocken wt de Fransche Astrea" (p. [149]-232)</subfield>
    </datafield>
    <datafield tag="500" ind1=" " ind2=" ">
      <subfield code="a">Includes songs with music (unaccompanied melodies).</subfield>
    </datafield>
    <datafield tag="510" ind1="4" ind2=" ">
      <subfield code="a">Short title catalogue Netherlands,</subfield>
      <subfield code="c">842997474</subfield>
    </datafield>
    <datafield tag="650" ind1=" " ind2="0">
      <subfield code="a">Emblems.</subfield>
    </datafield>
    <datafield tag="650" ind1=" " ind2="0">
      <subfield code="a">Minnesingers.</subfield>
    </datafield>
    <datafield tag="650" ind1=" " ind2="0">
      <subfield code="a">Courtly love.</subfield>
    </datafield>
    <datafield tag="650" ind1=" " ind2="6">
      <subfield code="a">Emblèmes.</subfield>
    </datafield>
    <datafield tag="650" ind1=" " ind2="6">
      <subfield code="a">Minnesänger.</subfield>
    </datafield>
    <datafield tag="650" ind1=" " ind2="6">
      <subfield code="a">Amour courtois.</subfield>
    </datafield>
    <datafield tag="650" ind1=" " ind2="7">
      <subfield code="a">emblems (symbols)</subfield>
      <subfield code="2">aat</subfield>
    </datafield>
    <datafield tag="650" ind1=" " ind2="7">
      <subfield code="a">Courtly love.</subfield>
      <subfield code="2">fast</subfield>
      <subfield code="0">(OCoLC)fst00881740</subfield>
    </datafield>
    <datafield tag="650" ind1=" " ind2="7">
      <subfield code="a">Emblems.</subfield>
      <subfield code="2">fast</subfield>
      <subfield code="0">(OCoLC)fst00908357</subfield>
    </datafield>
    <datafield tag="650" ind1=" " ind2="7">
      <subfield code="a">Minnesingers.</subfield>
      <subfield code="2">fast</subfield>
      <subfield code="0">(OCoLC)fst01023047</subfield>
    </datafield>
    <datafield tag="655" ind1=" " ind2="7">
      <subfield code="a">Gold tooled bindings (Binding)</subfield>
      <subfield code="2">rbbin</subfield>
    </datafield>
    <datafield tag="655" ind1=" " ind2="7">
      <subfield code="a">Leather bindings (Binding)</subfield>
      <subfield code="2">rbbin</subfield>
    </datafield>
    <datafield tag="655" ind1=" " ind2="7">
      <subfield code="a">Marbled papers (Binding)</subfield>
      <subfield code="2">rbbin</subfield>
    </datafield>
    <datafield tag="655" ind1=" " ind2="7">
      <subfield code="a">Painted edges (Binding)</subfield>
      <subfield code="2">rbbin</subfield>
    </datafield>
    <datafield tag="655" ind1=" " ind2="7">
      <subfield code="a">Emblem books (Genre)</subfield>
      <subfield code="2">rbgenr</subfield>
    </datafield>
    <datafield tag="655" ind1=" " ind2="7">
      <subfield code="a">Catchwords (Printing)</subfield>
      <subfield code="2">rbpri</subfield>
    </datafield>
    <datafield tag="700" ind1="1" ind2=" ">
      <subfield code="a">Dankerts, Cornelis,</subfield>
      <subfield code="e">bookseller.</subfield>
      <subfield code="4">bsl</subfield>
    </datafield>
    <datafield tag="700" ind1="1" ind2=" ">
      <subfield code="a">Urfé, Honoré d',</subfield>
      <subfield code="d">1567-1625.</subfield>
      <subfield code="t">Astrée.</subfield>
    </datafield>
    <datafield tag="740" ind1="0" ind2=" ">
      <subfield code="a">Wegh-weyser ter devghden.</subfield>
    </datafield>
    <datafield tag="740" ind1="0" ind2=" ">
      <subfield code="a">Wegh-weyser ter deughden.</subfield>
    </datafield>
    <datafield tag="758" ind1=" " ind2=" ">
      <subfield code="i">has work:</subfield>
      <subfield code="a">Ian Harmensz Kruls Minne-spiegel ter deughden (Text)</subfield>
      <subfield code="1">https://id.oclc.org/worldcat/entity/E39PCGVQbRW64FbYd4H6gCqCwC</subfield>
      <subfield code="4">https://id.oclc.org/worldcat/ontology/hasWork</subfield>
    </datafield>
    <datafield tag="776" ind1="0" ind2="8">
      <subfield code="i">Online version:</subfield>
      <subfield code="a">Krul, Jan Hermansz, 1602-1646.</subfield>
      <subfield code="t">Ian Harmensz Kruls.</subfield>
      <subfield code="d">T'Amsterdam, C. Dankertsz van Zeevenhoven, 1639</subfield>
      <subfield code="w">(OCoLC)868007387</subfield>
    </datafield>
  </record>